Odstraňovanie vysokých koncentrácií dusíka skrátenou nitrifikáciou - denitrifikáciou

Guardado en:
Detalles Bibliográficos
Autor principal: Fabišíková, Lucia (Autor)
Otros Autores: Drtil, Miloslav, 1960- (Orientador)
Formato: Manuscrito Libro
Lenguaje:eslovaco
Materias:
Acceso en línea:http://is.stuba.sk/zp/portal_zp.pl?podrobnosti=103340
Etiquetas: Agregar Etiqueta
Sin Etiquetas, Sea el primero en etiquetar este registro!

MARC

LEADER 00000ntm a22000003a 4500
001 stuzp46966
003 SK-STU
005 20160229160115.1
007 ta
008 150427s2015----xo-----f-mn---000-0-slo-d
040 |a STU  |b slo 
041 0 |a slo 
100 1 |a Fabišíková, Lucia  |u 046290  |4 aut  |U FCHPT Ústav chemického a environmentálneho inžinierstva  |T FCHPT Oddelenie environmentálneho inžinierstva  |X 69319  |U C6290  |Y 120  |7 69319 
242 0 1 |a Treating of High Nitrogen Concentration Using Partial Nitrification-denitrification  |y eng 
245 1 0 |a Odstraňovanie vysokých koncentrácií dusíka skrátenou nitrifikáciou - denitrifikáciou 
650 4 |a skrátená nitrifikácia-denitrifikácia  |2 slo 
650 4 |a nitritácia  |2 slo 
650 4 |a kalová voda  |2 slo 
650 4 |a SBR  |2 slo 
650 4 |a nitritačné baktérie  |2 slo 
650 4 |a nitratačné baktérie  |2 slo 
650 4 |a substrátová a produktová inhibícia  |2 slo 
650 4 |a partial nitrification-denitrification  |2 eng 
650 4 |a nitritation  |2 eng 
650 4 |a sludge water  |2 eng 
650 4 |a SBR  |2 eng 
650 4 |a ammonia oxidizing bacteria  |2 eng 
650 4 |a nitrite oxidizing bacteria  |2 eng 
650 4 |a substrate and products inhibition  |2 eng 
700 1 |a Drtil, Miloslav,  |d 1960-  |4 ths  |X 3377  |7 A000003377 
856 4 |u http://is.stuba.sk/zp/portal_zp.pl?podrobnosti=103340 
SQL |a stuzp46966  |b DDP  |c SLO  |d Odstraňovanie vysokých koncentrácií dusíka skrátenou nitrifikáciou - denitrifikáciou  |e 69319  |f Fabišíková, Lucia  |g 046290  |h 3377  |i Drtil, Miloslav  |j 20140609  |k 540  |l 04  |m http://is.stuba.sk/zp/portal_zp.pl?podrobnosti=103340